| 000 | 004870000a22001810004500 | ||
|---|---|---|---|
| 003 | MACL | ||
| 005 | 20160112151320.0 | ||
| 008 | 160112b xxu||||| |||| 00| 0 eng d | ||
| 040 |
_aMACL _cMACL |
||
| 041 | _aEnglish | ||
| 082 | _a934/KAV | ||
| 100 |
_aKaviraja, Gopi Natha _923533 |
||
| 245 |
_aThe Princess of Wales Sarasvati bhavana Studies _bvol 6 |
||
| 260 |
_bGovernment Sanskrit Library _c1927 _aBenares |
||
| 350 | _a10 | ||
| 650 |
_aHistory _931431 |
||
| 942 |
_cBK _k934/KAV _2ddc |
||
| 999 |
_c36641 _d36641 |
||